|
|
|
|
| LEADER |
00000cam a2200000 7i4500 |
| 001 |
0000119090 |
| 005 |
20080808.0 |
| 020 |
|
|
|a 1404233520
|
| 090 |
0 |
0 |
|a 510
|b ROZ
|
| 100 |
1 |
|
|a Roza, Greg
|
| 245 |
1 |
0 |
|a Olympic math :
|b working with percents and decimals
|c Greg Roza
|
| 260 |
|
|
|a New York :
|b The Rosen Publishing Group, Inc ,
|c 2007
|
| 300 |
|
|
|a 32p. :
|b ill. ;
|c 23cm.
|
| 490 |
0 |
|
|a Math for the real world
|
| 650 |
0 |
0 |
|a Decimal fractions
|x Juvenile literature
|
| 650 |
0 |
0 |
|a Fractions
|x Juvenile literature
|
| 650 |
0 |
0 |
|a Olympic games (Ancient)
|x Juvenile literature
|
| 650 |
0 |
0 |
|a Olympics
|x Juvenile literature
|
| 999 |
|
|
|a 00217757
|b BUKU
|c JUNIOR BOOKS
|e PERPUSTAKAAN KOMUNITI PETALING JAYA
|